Hello, Goodbye and Thank you in European Languages - Statistics

General Stats
  • This quiz has been taken 93 times
  • The average score is 26 of 96
Answer Stats
Language Word Answer % Correct
Dutch Hello Hallo
97%
German Hello Hallo
93%
Norwegian Hello Hallo
93%
French Hello Bonjour
91%
Spanish Hello Hola
89%
Catalan Hello Hola
89%
German Thank you Danke
88%
Spanish Thank you Gracias
88%
German Goodbye Tschüss
84%
French Thank you Merci
82%
Luxembourgish Thank you Merci
82%
Spanish Goodbye Adiós
78%
Luxembourgish Goodbye Äddi
77%
Italian Goodbye Ciao
77%
Italian Hello Ciao
76%
French Goodbye Au revoir
74%
Italian Thank you Grazie
70%
Portuguese Hello Olá
58%
Polish Hello Dzień Dobry
54%
Russian Hello Привет
53%
Galician Hello Ola
53%
Russian Thank you Спасибо
51%
Swedish Thank you Tack
45%
Danish Thank you Tak
45%
Swedish Hello Hej
41%
Danish Hello Hej
39%
Finnish Hello Hei
32%
Romanian Hello Salut
32%
Dutch Thank you Dank je
31%
Russian Goodbye До свидания
28%
Polish Goodbye Do widzenia
28%
Portuguese Thank you Obrigado
28%
Ukrainian Hello Привіт
27%
Turkish Hello Merhaba
26%
Serbo-Croatian Hello Zdravo
26%
Slovene Hello Zdravo
26%
Serbo-Croatian Goodbye Doviđenja
24%
Macedonian Hello Здраво
20%
Greek Hello Γεια σου
19%
Polish Thank you Dziękuję
19%
Romanian Goodbye Pa
19%
Czech Hello Ahoj
18%
Slovak Hello Ahoj
18%
Norwegian Thank you Takk
18%
Catalan Goodbye Adéu
16%
Dutch Goodbye Doei
16%
Serbo-Croatian Thank you Hvala
16%
Slovene Thank you Hvala
16%
Finnish Thank you Kiitos
16%
Czech Goodbye Na shledanou
16%
Greek Thank you Ευχαριστώ
14%
Swedish Goodbye Hejdå
14%
Portuguese Goodbye Adeus
12%
Danish Goodbye Farvel
12%
Hungarian Thank you Köszönöm
12%
Finnish Goodbye Näkemiin
12%
Estonian Hello Tere
12%
Estonian Thank you Aitäh
11%
Catalan Thank you Gràcies
11%
Romanian Thank you Mulțumesc
11%
Hungarian Hello Szia
11%
Bulgarian Goodbye Довиждане
9%
Turkish Goodbye Güle güle
9%
Lithuanian Hello Sveiki
8%
Latvian Hello Sveiki
8%
Turkish Thank you Teşekkürler
8%
Galician Goodbye Adeus
7%
Slovak Thank you Ďakujem
5%
Albanian Thank you Faleminderit
5%
Albanian Hello Përshëndetje
5%
Greek Goodbye Αντίο
4%
Bulgarian Thank you Благодаря
4%
Macedonian Goodbye Збогум
4%
Lithuanian Thank you Ačiū
4%
Slovene Goodbye Adijo
4%
Albanian Goodbye Mirupafshim
4%
Hungarian Goodbye Viszontlátásra
4%
Ukrainian Thank you дякую
3%
Czech Thank you Děkuji
3%
Norwegian Goodbye Ha det
3%
Latvian Thank you Paldies
1%
Lithuanian Goodbye Viso gero
1%
Slovak Goodbye Zbohom
1%
Ukrainian Goodbye Бувай
0%
Bulgarian Hello Здравейте
0%
Macedonian Thank you Благодарам
0%
Sámi Hello Bures
0%
Romani Goodbye Dja devlesa
0%
Sámi Thank you Giitu
0%
Galician Thank you Grazas
0%
Estonian Goodbye Hüvasti
0%
Luxembourgish Hello Moien
0%
Romani Thank you Nais
0%
Sámi Goodbye Oaidnaleapmai
0%
Romani Hello Sastipe
0%
Latvian Goodbye Uz redzēšanos
0%
No matching quizzes found
Score Distribution
Percent of People with Each Score
Percentile by Number Answered
Your Score History
You have not taken this quiz